[Event "Olympiad Women-37"]
[Site "Turin"]
[Date "2006.05.28"]
[Round "7"]
[White "Topel, Zehra"]
[Black "Marrero Lopez, Yadira"]
[Result "0-1"]
[WhiteElo "2132"]
[BlackElo "1991"]
[PlyCount "80"]
[EventDate "2006.05.21"]
[EventType "team-swiss"]
[EventRounds "13"]
[EventCountry "ITA"]
[SourceTitle "CBM 112 Extra"]
[Source "ChessBase"]
[SourceDate "2006.07.14"]
[SourceVersion "1"]
[SourceVersionDate "2006.07.14"]
[SourceQuality "1"]
[WhiteTeam "Turkey (W)"]
[BlackTeam "Cuba (W)"]
[WhiteTeamCountry "TUR"]
[BlackTeamCountry "CUB"]

1. d4 d5 2. c4 c6 3. Nf3 Nf6 4. Nc3 e6 5. Bg5 h6 6. Bxf6 Qxf6 7. e3 g6 8. Be2 Bg7 9. 0-0 dxc4 10. Bxc4 0-0 11. a4 a5 12. Qb3 Qe7 13. Ne4 Nd7 14. Rac1 b6 15. Bd3 Bb7 16. Nfd2 Rab8 17. f4 Ba8 18. Nf3 Rfd8 19. Ng3 Nf6 20. Bb1 c5 21. Rcd1 cxd4 22. Nxd4 Ng4 23. h3 Nf6 24. Kh1 Bd5 25. Qb5 Qb7 26. e4 Nxe4 27. Nxe4 Bxe4 28. Bxe4 Qxe4 29. Nc6 Rxd1 30. Rxd1 Rb7 31. Nd8 Rc7 32. Qxb6 Rc2 33. Rg1 Qxf4 34. Qb5 Be5 35. Qe8+ Kg7 36. Nxe6+ fxe6 37. Qd7+ Kh8 38. Qd8+ Kh7 39. Qd7+ Bg7 40. Qxe6 Rc1 0-1

[Event "Olympiad Women-37"]
[Site "Turin"]
[Date "2006.05.27"]
[Round "6"]
[White "Marrero Lopez, Yadira"]
[Black "Zimina, Olga"]
[Result "0-1"]
[WhiteElo "1991"]
[BlackElo "2404"]
[PlyCount "70"]
[EventDate "2006.05.21"]
[EventType "team-swiss"]
[EventRounds "13"]
[EventCountry "ITA"]
[SourceTitle "CBM 112 Extra"]
[Source "ChessBase"]
[SourceDate "2006.07.14"]
[SourceVersion "1"]
[SourceVersionDate "2006.07.14"]
[SourceQuality "1"]
[WhiteTeam "Cuba (W)"]
[BlackTeam "Italy (W)"]
[WhiteTeamCountry "CUB"]
[BlackTeamCountry "ITA"]

1. e4 c6 2. d4 d5 3. e5 Bf5 4. c4 e6 5. Nc3 dxc4 6. Bxc4 Nd7 7. Nge2 Nb6 8. Bb3 Ne7 9. 0-0 Bg6 10. Nf4 Qd7 11. h4 h6 12. Nxg6 Nxg6 13. Qg4 Ne7 14. Rd1 Nf5 15. Bf4 h5 16. Qh3 Be7 17. Bg5 0-0-0 18. Ne4 Bxg5 19. hxg5 Kb8 20. g6 Nd5 21. Bxd5 cxd5 22. Nc5 Qe7 23. gxf7 h4 24. Rd3 Ka8 25. Qg4 Qxf7 26. a4 Rdf8 27. Rf3 h3 28. Rxh3 Rxh3 29. gxh3 g5 30. Nb3 Nh6 31. Qg3 g4 32. h4 Nf5 33. Qf4 Qh7 34. Qg5 Nxh4 35. Nd2 Nf3+ 0-1

[Event "Olympiad Women-37"]
[Site "Turin"]
[Date "2006.05.23"]
[Round "3"]
[White "Zatonskih, Anna"]
[Black "Marrero Lopez, Yadira"]
[Result "1-0"]
[WhiteElo "2433"]
[BlackElo "1991"]
[PlyCount "63"]
[EventDate "2006.05.21"]
[EventType "team-swiss"]
[EventRounds "13"]
[EventCountry "ITA"]
[SourceTitle "CBM 112 Extra"]
[Source "ChessBase"]
[SourceDate "2006.07.14"]
[SourceVersion "1"]
[SourceVersionDate "2006.07.14"]
[SourceQuality "1"]
[WhiteTeam "United States (W)"]
[BlackTeam "Cuba (W)"]
[WhiteTeamCountry "USA"]
[BlackTeamCountry "CUB"]

1. e4 e5 2. Bc4 Nf6 3. d3 c6 4. Nf3 d5 5. Bb3 a5 6. Nc3 Bg4 7. a3 d4 8. Ne2 Bd6 9. Ng5 0-0 10. f3 Bd7 11. f4 a4 12. Ba2 exf4 13. 0-0 Ng4 14. Nxf7 Rxf7 15. Bxf4 Bxf4 16. Rxf4 Ne5 17. Nxd4 Qb6 18. c3 c5 19. Bxf7+ Nxf7 20. Qh5 Be8 21. Nf5 Qxb2 22. Raf1 Qxc3 23. Ne7+ Kh8 24. Rxf7 Qd4+ 25. Kh1 Bxf7 26. Qxf7 Nd7 27. Nf5 Qf6 28. Qxd7 Rf8 29. h3 g6 30. Ne3 Qd8 31. Qxd8 Rxd8 32. Nd5 1-0